Statistics for North American Countries by Largest Wild Animal

Click here to take the quiz!

General Stats

  • This quiz has been taken 100 times
  • The average score is 8 of 23

Answers on the Map

Answers color-coded by a green-red scale on the quiz's map according to % correct below.
 

Answer Stats

HintAnswer% Correct
United StatesAmerican Bison
86%
CanadaAmerican Bison
86%
NicaraguaJaguar
56%
Dominican RepublicAmerican Crocodile
55%
HaitiAmerican Crocodile
55%
Antigua and BarbudaEuropean Fallow Deer
40%
GuatemalaBaird's Tapir
37%
PanamaBaird's Tapir
37%
Costa RicaBaird's Tapir
37%
El SalvadorBaird's Tapir
37%
BelizeBaird's Tapir
37%
HondurasBaird's Tapir
37%
MexicoBaird's Tapir
37%
Saint Vincent and the
Grenadines
Green Iguana
20%
Saint LuciaGreen Iguana
20%
Saint Kitts and NevisGreen Iguana
20%
JamaicaJamaican Iguana
20%
BahamasFeral Pig
15%
CubaCuban Hutia
8%
BarbadosMagnificent Frigatebird
7%
GrenadaNine-banded Armadillo
6%
DominicaAgouti
5%
Trinidad and TobagoNeotropical River Otter
4%

Score Distribution

Percentile by Number Answered

Percent of People with Each Score

Your Score History

You have not taken this quiz